| 000 | 00625nam a2200229 i 4500 | ||
|---|---|---|---|
| 001 | 6940 | ||
| 003 | ES-MaACL | ||
| 005 | 20230906145127.0 | ||
| 007 | t| | ||
| 008 | 900713s1989 sp ||||1| spa d | ||
| 020 | _a84-345-8246-5 | ||
| 080 | _a575.8 | ||
| 100 | 1 |
_aHass, Hans. _962041 |
|
| 245 | 1 | 0 |
_aDel pez al hombre / _cHans Hass. |
| 260 |
_aBarcelona : _bSalvat, _c1989. |
||
| 300 |
_aXV, 274 p. : _bil. ; _c19 cm. |
||
| 490 | 1 |
_aBiblioteca científica Salvat ; _v89 |
|
| 650 | 4 |
_aEvolución. _912625 |
|
| 830 | 1 |
_aBiblioteca científica Salvat ; _v89 _9177703 |
|
| 852 |
_aES-MaACL _jL-14169 |
||
| 999 |
_c6940 _d6940 |
||